| 000 | 00427nam a2200157Ia 4500 | ||
|---|---|---|---|
| 003 | Ost | ||
| 005 | 20260225132538.0 | ||
| 008 | 260225s9999||||xx |||||||||||||| ||und|| | ||
| 040 | _cfsic | ||
| 041 | _afre | ||
| 082 | _a340.11 | ||
| 100 |
_aAccadémie universitaire des cultures _eAuteur |
||
| 245 | 0 | _aIntervenir droit de la personne et raison d'états / | |
| 245 | 0 | _cAccadémie universitaire des cultures | |
| 942 | _cكتاب | ||
| 999 |
_c33346 _d33346 |
||